000 00663cam a2200193 4500
008 011024n2001 000 0 eng u
020 _a086342144X
035 _a(Sirsi) u115290
050 _a711.52
100 _aSimmie, J.
_xEditor
245 _aInnovation and competitive cities in the global economy
260 _aOxford
_bOxford Brookes University
_c2001
300 _aviii,336p. ;30cm.
350 _a9.00
490 _aWorking Paper
_v191
520 _aProceedings of an ESRC Cities Programme Research Workshop held at Worcester College,Oxford,28-30 March 2001
690 _aENVIRONMENTAL AND LAND CONSULTANCY-PLANNING AND DEVELOPMENT
942 _n0
999 _c101747
_d101747